Τα έθνη-κράτη στην ευρωπαϊκή ιστορία

Αποθηκεύτηκε σε:
Λεπτομέρειες βιβλιογραφικής εγγραφής
Άλλοι συγγραφείς: Isaacs, Ann Katherine (edtf), Μιχαηλίδης, Ιάκωβος Δ. (Συγγραφέας εισαγωγής κ.λπ.), Κουρμένταλα, Γιώτα (trlf), Guomundur Halfdanarson, 1956- (Επιμελητής έκδοσης)
Μορφή: Βιβλίο
Γλώσσα:Greek
English
Δημοσίευση: [Αθήνα] : Επίκεντρο, [2006, c2001].
Σειρά:Ευρωπαϊκή ιστορία (Επίκεντρο) ; 1
Θέματα:
Ετικέτες: Προσθήκη ετικέτας
Δεν υπάρχουν, Καταχωρήστε ετικέτα πρώτοι!

MARC

LEADER 00000cam a2200000 i 4500
001 1/46337
008 070615s2006 gr | ||| |||| ||gre||
020 |a 9606647854 
035 |l 10088349 
040 |a GR-MY-UA  |b gre  |e aacr 
041 1 |a gre  |h eng 
082 7 |a 320.54094   |2 (22) 
245 0 3 |a Τα έθνη-κράτη στην ευρωπαϊκή ιστορία /   |c επιμέλεια: Guthmundur Halfdanarson, Ann Katherine Isaacs ; πρόλογος: Ιάκωβος Μιχαηλίδης ; μετάφραση: Γιώτα Κουρμένταλα. 
260 |a [Αθήνα] :   |b Επίκεντρο,   |c [2006, c2001].  
300 |a 478 σ. :   |b εικ. ;   |e 24 εκ.  
490 1 |a (Ευρωπαϊκή ιστορία / Επίκεντρο ;   |v  1) 
500 |a Μετάφραση από τα αγγλικά του: Nations and nationalities 
504 |a Περιλαμβάνει βιβλιογραφικές παραπομπές.  
650 0 0 |a Nationalism  |z Europe  |x History. 
650 0 0 |a Nation-state  |x History. 
650 0 0 |a Historiography  |z Europe. 
700 1 |a Isaacs, Ann Katherine,  |e edtf 
700 1 |a Μιχαηλίδης, Ιάκωβος Δ.  |e aui 
700 1 |a Κουρμένταλα, Γιώτα,  |e trlf 
700 0 |a Guomundur Halfdanarson,   |d 1956-  |e edt 
830 0 |a Ευρωπαϊκή ιστορία (Επίκεντρο)  |v  ; 1 
852 |a INST  |b LESVOS  |e 20070615  |h 320.54094 ΕΘΝ  |p 005100038228  |q 005100038228  |t BK  |y 0 
901 |a BIBL1-2007-2 
909 |a Λ  |b 135040 
922 |a 1ΕΛΗ  |b 200705  |c ΕΠΕΑΕΚ2/ΤΚΑ  |d Σ. ΠΑΤΑΚΗΣ 
970 |a ΒΑΡΚΑ  |b ΕΛΕΥΘΕΡΙΑ  |z 2007/06/15